Statistiken für Fußballer nach Land

Klicken Sie hier um das Quiz zu spielen!

Allgemein

  • Dieses Quiz wurde 688 mal gespielt
  • Das Durchschnittsergebnis liegt bei 14 aus 18

Antwortstatistiken

SpielerLand% Korrekt
Lukas PodolskiDeutschland
96%
Roberto BaggioItalien
96%
Arjen RobbenNiederlände
96%
Ousmane DembeleFrankreich
93%
Petr ČechTschechien
93%
Edinson CavaniUruguay
92%
Diego MaradonaArgentinien
91%
Arturo VidalChile
91%
Nemanja VidićSerbien
89%
Jan VertonghenBelgien
85%
Keisuke HondaJapan
85%
Tim CahillAustralien
77%
Bartosz BereszynskiPolen
76%
Balázs DzsudzsákUngarn
59%
Andreas GranqvistSchweden
58%
Artiom DziubaRussland
55%
Dragan StojkovićSerbien
49%
Alireza JahanbakhshIran
48%

Verteilung der Resultate

Perzentil nach korrekt beantworteten Fragen

Anzahl Personen mit jedem Resultat

Ihre Resultats-Entwicklung

Sie haben dieses Quiz noch nicht gespielt